Teaching and researching writing
Na minha lista:
| Autor principal: | |
|---|---|
| Formato: | Livro |
| Idioma: | inglês |
| Publicado em: |
Essex
Pearson Education
2002
|
| Colecção: | Applied Linguistics in Action
|
| Assuntos: | |
| Tags: |
Adicionar Tag
Sem tags, seja o primeiro a adicionar uma tag!
|
MARC
| LEADER | 00000nam a2200000 a 4500 | ||
|---|---|---|---|
| 001 | UCM7320 | ||
| 003 | CL-VaPUC | ||
| 008 | 021213e20020000uk |||||||||||||||||eng|d | ||
| 020 | |a 0582423384 | ||
| 082 | 0 | 4 | |a 410.7 |b HYL |2 21 |
| 100 | |a Hyland, Ken |e author |9 570481 | ||
| 245 | 1 | 0 | |a Teaching and researching writing |
| 300 | |a 248 p | ||
| 942 | |c BK | ||
| 945 | |d 20021213 00:00:00 |a vberengu | ||
| 260 | |a Essex |b Pearson Education |c 2002 | ||
| 650 | 0 | |a Escritura |9 264941 | |
| 583 | |a last modification |c 20180322 13:02:24 |k Rodrigo Vera | ||
| 490 | 0 | |a Applied Linguistics in Action | |
| 999 | |c 302165 |d 302163 | ||
| 952 | |0 0 |1 0 |4 0 |6 410_700000000000000_HYL_2002 |7 0 |8 A |9 362232 |a FDOPOS |b FDOPOS |d 2019-11-21 |i 3842576 |o 410.7 HYL 2002 |p 3842576 |r 2025-01-22 |w 2019-11-21 |y BK |k MLA | ||